Globalization (Record no. 174023)

MARC details
000 -LEADER
fixed length control field 00499nam a2200193Ia 4500
003 - CONTROL NUMBER IDENTIFIER
control field OSt
005 - DATE AND TIME OF LATEST TRANSACTION
control field 20230608150319.0
008 - FIXED-LENGTH DATA ELEMENTS--GENERAL INFORMATION
fixed length control field 210423s2004 xx 000 0 und d
040 ## - CATALOGING SOURCE
Transcribing agency AL
082 ## - DEWEY DECIMAL CLASSIFICATION NUMBER
Classification number 338.9 ERIG
Edition number 23
100 ## - MAIN ENTRY--PERSONAL NAME
Personal name ENIKSON (Thomas Hylland)
9 (RLIN) 122703
245 ## - TITLE STATEMENT
Title Globalization
260 ## - PUBLICATION, DISTRIBUTION, ETC.
Place of publication, distribution, etc. New Delhi
Name of publisher, distributor, etc. Anmol Publications
Date of publication, distribution, etc. 2004
365 ## - TRADE PRICE
Price amount 1421
Currency code INR
650 ## - SUBJECT ADDED ENTRY--TOPICAL TERM
Topical term or geographic name entry element Economics
9 (RLIN) 122704
650 ## - SUBJECT ADDED ENTRY--TOPICAL TERM
Topical term or geographic name entry element Economics of Development
9 (RLIN) 122705
906 ## - LOCAL DATA ELEMENT F, LDF (RLIN)
a Globalization
942 ## - ADDED ENTRY ELEMENTS (KOHA)
Source of classification or shelving scheme Dewey Decimal Classification
Koha item type Book
Holdings
Withdrawn status Lost status Damaged status Not for loan Collection code Home library Current library Date acquired Source of acquisition Cost, normal purchase price Total Checkouts Full call number Barcode Date last seen Price effective from Koha item type
        MSW St Aloysius PG Library St Aloysius PG Library 11/26/2004 Book World 1421.00   338.9 ERIG PG020678 08/24/2022 04/26/2021 Reference